Culture Générale : Les Croisades - Statistiques

Statistiques générales
  • Ce quiz a été pris 223 fois
  • Le résultat moyen est 7 sur 12
Statistiques - réponses
Question Réponse % Correct
Quel Roi de France, canonisé par l'Église,participe à la Septième et Huitième Croisade ? Louis IX (Saint-Louis)
85%
Durant la Première Croisade, en quelle année Jérusalem est-elle prise par les Croisés ? 1099
82%
Quel pape a appelé à la Première Croisade en 1096 ? Urbain II
76%
Quel Sultan d'Égypte a provoqué la Troisième Croisade en prenant Jérusalem en 1187 ? Saladin
75%
Quel Roi d'Angleterre a conquis Chypre lors de la Troisième Croisade ? Richard Cœur de Lion
66%
Quelle ville importante a été assiégée lors la Quatrième Croisade,plus précisément en 1204 ? Constantinople
58%
Quel chevalier français devient Avoué du Saint-Sépulcre suite à la Prise de Jérusalem ? Godefroy de Bouillon
45%
Qui est le Roi des Francs lors de cette Deuxième Croisade ? Louis VII
39%
Quelle ville le personnage de la question nº6 prend-il en 1191 ? Saint-Jean d'Acre
34%
Quel moine lance l'appel à la Deuxième Croisade en 1146 ? Bernard de Clairvaux
33%
En quelle année est entreprise la Huitième et dernière Croisade ? 1270
32%
Quelle ville se situant en Égypte a été prise par le personnage ci-dessus en 1249,lors de la Septième Croisade ? Damiette
28%
Aucun quiz correspondant
Distribution des résultats
% des personnes avec chaque résultat
Percentile par nombre de réponses
Votre historique - résultats
Vous n’avez pas pris ce quiz